Positive psychotherapy for psychosis: A clinician's guide and manual (Record no. 23339)

MARC details
000 -LEADER
fixed length control field 00483nam a2200169Ia 4500
008 - FIXED-LENGTH DATA ELEMENTS--GENERAL INFORMATION
fixed length control field 230917s9999||||xx |||||||||||||| ||und||
020 ## - ISBN
Price GBP32.99
040 ## - CATALOGING SOURCE
-- 241363
Original cataloging agency VIVEKANANDA LIBRARY
041 ## - Language
-- English
082 ## - DDC NUMBER
Classification number 616.89 S12P
100 ## - MAIN ENTRY--PERSONAL NAME
Personal name Slade, Mike
245 #0 - TITLE STATEMENT
Title Positive psychotherapy for psychosis: A clinician's guide and manual
260 ## - PUBLICATION, DISTRIBUTION, ETC. (IMPRINT)
Place of publication, distribution, etc London
Name of publisher, distributor, etc Routledge
Date of publication, distribution, etc 2017
300 ## - PHYSICAL DESCRIPTION
Pages xiv, 218 p.
500 ## - GENERAL NOTE
General note 2797 27/07/2017 APD17/1058554 28/07/2017 Main Budget
942 ## - ADDED ENTRY ELEMENTS (KOHA)
Koha item type Books
Holdings
Withdrawn status Lost status Damaged status Not for loan Location (home branch) Sublocation or collection (holding branch) Date acquired Koha issues (times borrowed) Koha full call number Accession No. Koha date last seen Koha item type
        VIVEKANANDA LIBRARY VIVEKANANDA LIBRARY 15/09/2017   616.89 S12P 366777 17/09/2023 Books
© Designed and Maintained by Vivekananda Library, MDU Rohtak